|
|
|
|
| LEADER |
00000nam1a2200000 4500 |
| 001 |
333139 |
| 005 |
20231102004527.0 |
| 035 |
|
|
|a (RuTPU)RU\TPU\book\359134
|
| 090 |
|
|
|a 333139
|
| 100 |
|
|
|a 20170607d1910 m y0rusy50 ca
|
| 101 |
0 |
|
|a rus
|
| 102 |
|
|
|a RU
|
| 200 |
1 |
|
|a Воспоминания жизни Ф. Г. Тернера
|e в 2-х ч.
|
| 210 |
|
|
|a Санкт-Петербург
|c Издание М. Г. и Э. Г. Тернер
|d 1910-1911
|
| 300 |
|
|
|a Типография тов-ва п.ф. "Электро-Типография Н. Я. Стойковой"
|
| 675 |
|
|
|a Р1
|v 3
|
| 700 |
|
1 |
|a Тернер
|b Ф. Г.
|c российский государственный деятель
|c финансист
|f 1828-1906
|g Федор Густавович
|2 stltpush
|3 (RuTPU)RU\TPU\pers\14508
|9 4834
|
| 801 |
|
1 |
|a RU
|b 63413507
|c 20170607
|
| 801 |
|
2 |
|a RU
|b 63413507
|c 20170607
|g RCR
|
| 942 |
|
|
|c BK
|